000 01940nam a2200421Li 4500
003 PE-LiUPU
005 20250731183346.0
008 100211s2009 sp a f b 000 0 spa d
020 _a8493669369 (br)
020 _a9788493669362 (br)
035 _a(Sirsi) i9788493669362
040 _aZWZ
_encafnor
_bspa
_cZWZ
_dPE-LiUPU
_erda
049 _aPRUA
082 0 4 _a720
_bS66
_221
100 1 _aSolà-Morales Rubio, Ignasi de
_d(1942-2001),
_eAutor.
245 1 4 _aLos artículos de Any /
_cIgnasi de Solà-Morales.
264 _aBarcelona :
_bFundación Caja de Arquitectos,
_c2009.
300 _a143 páginas :
_bilustraciones ;
_c22 centímetros.
336 _text
_2rdacontent
337 _unmediated
_2rdamedia
338 _volume
_2rdacarrier
504 _aBibliografía : páginas 145-146.
505 _aANYONE : de la autonomía o lo intespestivo -- ANYWHERE Lugar: permanencia o producción -- ANYWAY : Colonización, violencia, resistencia -- ANYPLACE: Terrain Vague -- ANYWISE : Superposición urbana: la ciudad de Marsella -- ANYBODY : Cuerpos ausentes -- ANYHOW : Arquitectura líquida -- ANYMORE : Prácticas teóricas, históricas, arquitectónicas -- ANYTHING : superficies, inscripciones.
526 _aP158
526 _aP146
526 _aP17
526 _aP12
526 _aP06
541 _g003-001191;
650 1 7 _aArquitectura
_xfilosofía.
_2ram
650 1 7 _aArquitectura
_ysiglo 20a.
_2ram
830 0 _aColección la cimbra ;
_v7.
942 _2ddc
_cBOOK
949 _a720 S66
_wDEWEY
_c1
_i73911
_lCCODEBUL1
_mBUL
_p30.89
_r0
_sY
_tBOOK
_u2016-6-22
_xINGENIERIA
_PP06
_0COMPRA
_o.STAFF. Colección General
994 _aC0
_bPEPRU
596 _a1
999 _a720 S66
_wDEWEY
_c10099
_i73911
_f2021-11-9
_g7
_lCCODEBUL1
_mBUL
_p30.89
_r0
_sY
_tBOOK
_u2016-6-22
_xINGENIERIA
_PP06
_0COMPRA
_o.STAFF. Colección General
_d10099
980 _81
_gALBERTO SANCHEZ Responsable de Automatización